00787nam a2200205 a 4500001001000000005001700010008004100027041000800068044000700076050002100083245003500104260002900139300004000168500003800208500016400246500007300410500000900483650003800492651005100530BRCA_448420190320204704.0090910s1974----mx-a######---#000-0#eng-# aeng amx 4aN6554b.N49 197410aThe NewsbVistas, Mexico City. aMéxicobThe Newsc1974 a1 h.bil. (algunas a color)c38 cm. aEstado físico: hoja deteriorada aContenido: Presenta imágenes de dos paneles del biombo del S. XVII de la colección Franz Mayer en el que se aprecia el encuentro entre Moctezuma y Cortés aRecorte de periódico inventariado por Banco de México como libro aCC1614aArtes decorativasy1974zMéxico 4aMéxicoxHistoriayDescubrimiento y conquista